The man of property and indian summer of a Forsyte

Sparad:
Bibliografiska uppgifter
Huvudupphovsman: Galsworthy, John (Författare, medförfattare)
Materialtyp: Bok
Språk:engelska
Publicerad: Nueva York Charles Scribner's Sons 1969
Ämnen:
Taggar: Lägg till en tagg
Inga taggar, Lägg till första taggen!

MARC

LEADER 00000nam a2200000 a 4500
001 UCP2844
003 CL-VaPUC
008 990604e19690000US |||||||||||||||||eng|d
082 0 4 |a 823  |b GAL  |2 21 
100 0 |a Galsworthy, John  |e author  |9 347363 
245 1 4 |a The man of property and indian summer of a Forsyte 
300 |a 342 p 
942 |c BK 
945 |d 19990604 00:00:00  |a rbrito 
260 |a Nueva York  |b Charles Scribner's Sons  |c 1969 
650 0 |a Novelas inglesas  |9 265220 
583 |a last modification  |c 19990604 00:00:00  |k Rodrigo Vera 
999 |c 281313  |d 281311 
952 |0 0  |1 0  |4 0  |6 823_000000000000000_GAL_1969  |7 0  |8 A  |9 322020  |a BIBEDU  |b BIBEDU  |d 2019-11-20  |i 352809K  |l 1  |o 823 GAL 1969  |p 352809K  |r 2025-04-07  |s 2025-04-07  |w 2019-11-20  |y BK  |k LIT